Dve tváre podľa S. Štepku

Bibliographic Details
Main Author: Bakošová-Hlavenková, Zuzana, 1947-2019 (Author)
Format: Article
Language:Slovak
Subjects:

MARC

LEADER 00000nab a2200000 a 4500
001 vtls000201872
003 SK-MaSNL
005 20260305021237.0
008 111130c1984 xo 0 slo
015 |a SNBRB19rr/mm-uuuuu 
035 |a CL0211985 
040 |a SNKBUCL  |b slo  |c SNKBUCL  |e AACR2 
041 0 |a slo 
044 |a xo  |c SK 
080 |a 792.2  |2 1981 
100 1 |a Bakošová-Hlavenková, Zuzana,  |d 1947-2019  |4 aut  |9 14587 
245 1 0 |a Dve tváre podľa S. Štepku  |c Zuzana Bakošová-Hlavenková 
500 |a Réžia J. Nvota 
600 1 7 |a Štepka, Stanislav,  |d 1944-  |2 snkbucl  |9 88236 
610 2 7 |a Radošinské naivné divadlo  |2 snkbucl  |9 31933 
655 7 |a články z novín a časopisov  |2 snkbucl  |9 267496 
773 0 |t Nové slovo  |g Roč. 26, č. 49 (1984) 
850 |a Slovenská národná knižnica v Martine  |a MTA001 
852 |a SNK  |b KIS3GCP 
992 |a RBX 
999 |c 3284591  |d 3286521